000 00916nam a2200265Ia 4500
003 OSt
005 20220923231016.0
006 a|||||r|||| 00| 0
007 ta
008 220922b |||||||| |||| 00| 0 pan d
020 _c120
024 _a353,625
037 _b1197, 20/02/2020, H.K. Prakashan
_cTextual
040 _aARTS
_cARTS
_bpan
041 _2pan
_apan
082 _aO153,1NKA:g, Q7
100 _aਕੌਬ, ਗੁਰਮਿੰਦਰ ਜੀਤ, ਂਚ.
_9169268
245 0 _aਚੁੱਪ ਤੋ੍ਵ ਬੋਲ ਤੱਕ
260 _aਪਟਿਆਲਾ
_b ਗ੍ਰੈFਿਅਸ
_c2017
300 _a96ਪ੍ਰ0
_ccm.
650 _a ਪੰਜਾਬੀ ਕਾਵਿ
650 _aਪੰਜਾਬੀ ਸਾਹਿਤ
942 _hO153,1NKA:g, Q7
_cTEXL
_2CC
999 _c388750
_d388750